Statistics for Animals that Start with C

Click here to take the quiz!

General Stats

  • This quiz has been taken 75,793 times
  • The average score is 17 of 24

Answer Stats

ClueAnimal% Correct
Domestic animal worshipped
by the Egyptians
Cat
97%
Closest living relative to humansChimpanzee
97%
Humped, desert-dwelling animalCamel
95%
Fastest land animalCheetah
93%
Alvin, Simon, etc...Chipmunk
91%
Venomous snake with a hoodCobra
89%
What the Great Barrier Reef is made ofCoral
89%
Arthropod that should have 100 legsCentipede
85%
It becomes a butterfly or mothCaterpillar
84%
Animal "hunted" by Steve IrwinCrocodile
79%
Commonly used in "fish and chips"Cod
76%
A group of these is called a murderCrow
76%
Animal domesticated from the aurochsCattle
71%
Animal that people say will survive
the nuclear apocalypse
Cockroach
69%
Coal mine safety birdCanary
68%
Mountain lionCougar
67%
By far the world's most populous birdChicken
58%
Bright red bird of the AmericasCardinal
52%
Bird that tricks others into raising its youngCuckoo
51%
Largest flying bird in the AmericasCondor
50%
ReindeerCaribou
47%
Bivalve molluscClam
47%
Be "wary" of this flightless Australian birdCassowary
29%
Relative of squid and octopusesCuttlefish
28%

Score Distribution

Percentile by Number Answered

Percent of People with Each Score

Your Score History

You have not taken this quiz